| 000 | 00423nam a2200169 a 4500 | ||
|---|---|---|---|
| 001 | 0000-9308 | ||
| 003 | ELIB.Books | ||
| 008 | 110520 1973 | ||
| 035 | _a(ELIB.Books)0000-9460 | ||
| 082 |
_a230 _bMen |
||
| 100 | _aMenninger, Karl | ||
| 245 | _aWhatever Became of Sin ? | ||
| 260 |
_bNew York; Hawthorn Books, Inc. _c1973 |
||
| 650 | _aTheology | ||
| 942 |
_2ddc _cBK |
||
| 998 |
_cbat _e2011-05-20 |
||
| 999 |
_c9308 _d9308 |
||